| 000 | 01007nas a2200301 4500 | ||
|---|---|---|---|
| 001 | BR2010003208 | ||
| 003 | BR-BrBNA | ||
| 005 | 20231205114117.0 | ||
| 007 | ta | ||
| 008 | 230509b bl.|||p| |||| 00| 00por d | ||
| 040 |
_aBR-BrBNA _bpor _cBiblioteca Nacional de Agricultura |
||
| 041 | _a(Pt) | ||
| 072 | _aQ51; Q52 | ||
| 100 | 1 | _aMuraro, G.B. | |
| 100 | 1 | _aRossi Junior, P. | |
| 100 | 1 | _aOliveira, V.C. de | |
| 100 | 1 | _aGranzotto, P.M. de C. | |
| 100 | 1 | _aSchogor, A.L.B. | |
| 245 | 1 | _aEfeito da idade de corte sobre a composição bromatológica e as características da silagem de cana-de-açúcar plantada em dois espaçamentos e três idades de corte | |
| 650 | _aCANA DE AÇUCAR | ||
| 650 | _aPROCESSAMENTO | ||
| 650 | _aENSILAGEM | ||
| 650 | _aFIBRA | ||
| 650 | _aCOMPOSIÇÃO QUÍMICA | ||
| 773 | 0 |
_tRevista Brasileira de Zootecnia (Brazil) _xISSN 1516-3598 _g(Aug 2009), v. 38(8) p. 1525-1531 _wBR2010003208 |
|
| 909 |
_a202311 _bLúcia _c55 _dLúcia Elande |
||
| 942 |
_2AGRIS _n0 _cANA |
||
| 999 |
_c207120 _d207120 |
||